Grieving the loss of someone you love : Daily meditations to help you through the grieving process / Raymond R. Mitsc, Lynn Brookside (Registro nro. 35505)
[ vista simple ]
| 000 -LÍDER | |
|---|---|
| Campo fijo de descripción fija | 005700000a22001570004500 |
| 020 ## - NÚMERO INTERNACIONAL NORMALIZADO PARA LIBROS | |
| Número Internacional Normalizado del libro | 0-89283-822-1 |
| 041 0# - CÓDIGO DE IDIOMA | |
| Código de idioma para texto/pista de sonido o título separado | |
| 082 04 - NÚMERO DE CLASIFICACIÓN DECIMAL DEWEY | |
| Número de clasificación | G 242.4 M6848g |
| 001 - NÚMERO DE CONTROL | |
| Campo de control | 4981 |
| 100 1# - ASIENTO PRINCIPAL--NOMBRE PERSONAL | |
| Nombre personal | Mitsch, Raymond |
| 245 10 - TÍTULO | |
| Título del Material | Grieving the loss of someone you love : Daily meditations to help you through the grieving process / Raymond R. Mitsc, Lynn Brookside |
| 260 ## - PUBLICACIÓN, DISTRIBUCIÓN, ETC. (PIE DE IMPRENTA) | |
| Lugar de publicación, distribución, etc. | Ann Arbor, MI., USA : Servant |
| 300 ## - DESCRIPCIÓN FÍSICA | |
| Extensión | 208 Pag |
| 650 14 - ASIENTO SECUNDARIO DE MATERIA - TERMINO TEMÁTICO | |
| Término temático o nombre geográfico como elemento de entrada | LUTO - ASPECTOS RELIGIOSOS - CRISTIANISMO - MEDITACIONES \ DOLOR - ASPECTOS RELIGIOSOS - CRISTIANISMO - MEDITACIONES \ CONSUELO |
| 942 ## - TIPO DE MATERIAL (KOHA) | |
| Tipo de Item KOHA | Libros General |
No hay ítems disponibles.
